000 00702nam a22002177a 4500
999 _c14434
_d14434
003 AR-CdUCM
008 190423b ||||| |||| 00| 0 spa d
020 _a9972-58-499-2
040 _aMUNICIPALIDAD PROVINCIAL DEL CUSCO
_cBIBLIOTECA MUNICIPAL DEL CUSCO
082 _aPI / 808.08 /
_bR81
100 _aValdeos Benza, Karina Sofia
_933202
245 _aLa jirafa Josefina /
260 _aLima :
_bEdit. Septiembre SAC,
_c2007.
300 _a24 paginas ;
_bIlustraciones,
_c19 cm.
_eCD.
440 _aCuéntame un cuento Miss Rosi
_933203
650 _aLiteratura infantil
_9588
650 _aCuento
_94671
710 _aQ.w.Editores SAC.
_933204
942 _2ddc
_cLIBROS
945 _arjall
_d2019-04-23